MARC details
| 000 -LEADER |
| fixed length control field |
01339nam a2200301 a 4500 |
| 001 - CONTROL NUMBER |
| control field |
1003549 |
| 003 - CONTROL NUMBER IDENTIFIER |
| control field |
OSt |
| 005 - DATE AND TIME OF LATEST TRANSACTION |
| control field |
20230703161337.0 |
| 008 - FIXED-LENGTH DATA ELEMENTS--GENERAL INFORMATION |
| fixed length control field |
860821s1985 ke b 101 0 eng |
| 010 ## - LIBRARY OF CONGRESS CONTROL NUMBER |
| LC control number |
86980405 |
| 020 ## - INTERNATIONAL STANDARD BOOK NUMBER |
| International Standard Book Number |
0195725913 (pbk.) |
| 040 ## - CATALOGING SOURCE |
| Original cataloging agency |
DLC |
| Transcribing agency |
DLC |
| Modifying agency |
DLC |
| 043 ## - GEOGRAPHIC AREA CODE |
| Geographic area code |
f------ |
| 082 ## - DEWEY DECIMAL CLASSIFICATION NUMBER |
| Classification number |
338.96 |
| Item number |
NDE |
| 245 00 - TITLE STATEMENT |
| Title |
Development options for Africa in the 1980s and beyond / |
| Statement of responsibility, etc. |
edited by P. Ndegwa, L.P. Mureithi, R.H. Green. |
| 260 ## - PUBLICATION, DISTRIBUTION, ETC. (IMPRINT) |
| Place of publication, distribution, etc. |
Nairobi : |
| Name of publisher, distributor, etc. |
Oxford University Press in association with the Society for International Development, Kenya Chapter, |
| Date of publication, distribution, etc. |
1985. |
| 300 ## - PHYSICAL DESCRIPTION |
| Extent |
xii, 260 p. ; |
| Dimensions |
25 cm. |
| 500 ## - GENERAL NOTE |
| General note |
Papers presented at the Symposium on Development Options for Africa in the 1980s and Beyond, organized by the Kenya Chapter of the Society for International Development, held at the Kenyatta Conference Centre, Nairobi, Mar. 7-9, 1983. |
| 504 ## - BIBLIOGRAPHY, ETC. NOTE |
| Bibliography, etc |
Includes bibliographies and index. |
| 651 #0 - SUBJECT ADDED ENTRY--GEOGRAPHIC NAME |
| Geographic name |
Africa |
| General subdivision |
Economic policy |
| -- |
Congresses. |
| 700 1# - ADDED ENTRY--PERSONAL NAME |
| Personal name |
Ndegwa, Philip. |
| 700 1# - ADDED ENTRY--PERSONAL NAME |
| Personal name |
Mureithi, Leopold P. |
| 700 1# - ADDED ENTRY--PERSONAL NAME |
| Personal name |
Green, Reginald Herbold. |
| 710 2# - ADDED ENTRY--CORPORATE NAME |
| Corporate name or jurisdiction name as entry element |
Society for International Development. |
| Subordinate unit |
Kenya Chapter. |
| 711 2# - ADDED ENTRY--MEETING NAME |
| Meeting name or jurisdiction name as entry element |
Symposium on Development Options for Africa in the 1980s and Beyond |
| Date of meeting |
(1983 : |
| Location of meeting |
Nairobi, Kenya) |
| 906 ## - LOCAL DATA ELEMENT F, LDF (RLIN) |
| a |
7 |
| b |
cbc |
| c |
orignew |
| d |
2 |
| e |
ncip |
| f |
19 |
| g |
y-gencatlg |
| 942 ## - ADDED ENTRY ELEMENTS (KOHA) |
| Source of classification or shelving scheme |
Dewey Decimal Classification |
| Koha item type |
Books |